[Event "22nd Hoogeveen Open 2018"]
[Site "Hoogeveen"]
[Date "2018.10.25"]
[Round "7"]
[White "Oord, Raymon"]
[Black "Van Dorp, Folke"]
[Result "0-1"]
[WhiteElo "1900"]
[BlackElo "2097"]
[Annotator "NA"]
[PlyCount "104"]
[EventDate "2018.10.20"]
[EventType "swiss"]
[EventCountry "NED"]
[SourceTitle "playchess.com"]
[Source "ChessBase"]
[SourceQuality "1"]
[TimeControl "40/5400+30:1800+30"]

1. b3 {[%emt 0:00:00]} d5 {[%emt 0:00:03]} 2. Bb2 {[%emt 0:00:00]} Bg4 {[%emt 0:00:06]} 3. h3 {[%emt 0:00:41]} Bh5 {[%emt 0:00:04]} 4. d3 {[%emt 0:03:56] A01: Nimzowitsch-Larsen Opening} Nf6 {[%emt 0:02:30]} (4... Nd7 5. g4 Bg6 6. f4 e6 7. Nf3 h5 8. g5 Ne7 9. Nh4 Nf5 10. Nxf5 Bxf5 11. Bg2 e5 {0-1 (54) Rapport,R (2692)-Vachier Lagrave,M (2796) Sharjah 2017}) 5. g4 {[%emt 0:02:21]} Bg6 {[%emt 0:00:02]} 6. Bg2 {[%emt 0:01:17]} e6 {[%emt 0:00:22]} 7. Nd2 {[%emt 0:01:16]} h6 $146 {[%emt 0:05:42]} ({Predecessor:} 7... c6 8. Ngf3 Nbd7 9. Ne5 Qc7 10. Nxd7 Nxd7 11. a3 f6 {1-0 (34) Bernwald,A-Meng,G Wallertheim 1994}) 8. e3 {[%emt 0:02:41]} Bc5 {[%emt 0:07:37]} 9. Ne2 {[%emt 0:02:00]} Nbd7 {[%emt 0:02:21]} 10. a3 {[%emt 0:04:10]} a5 {[%emt 0:01:09]} 11. Qb1 {[%emt 0:05:09]} ({White should try} 11. Nf4 $14) 11... c6 {[%emt 0:02:11]} 12. Nf3 {[%emt 0:05:30]} O-O {[%emt 0:00:43]} 13. Nf4 {[%emt 0:08:48] [#]} Bh7 $1 {[%emt 0:04:48]} 14. g5 {[%emt 0:03:43]} hxg5 {[%emt 0:00:17]} 15. Nxg5 {[%emt 0:00:15]} Bf5 {[%emt 0:06:17]} 16. h4 {[%emt 0:05:02]} e5 {[%emt 0:01:32]} 17. Ne2 {[%emt 0:02:38]} Bg6 {[%emt 0:04:17]} (17... Re8 $17) 18. Bh3 {[%emt 0:03:24]} Nh5 {[%emt 0:07:33]} 19. Rg1 {[%emt 0:04:17]} Re8 {[%emt 0:05:50]} 20. Qd1 {[%emt 0:04:34]} Ndf6 {[%emt 0:00:00]} 21. Ne6 {[%emt 0:12:27]} Qb6 {[%emt 0:08:22]} 22. Nxc5 {[%emt 0:09:22]} Qxc5 {[%emt 0:00:03]} 23. Bxe5 {[%emt 0:10:02]} Rxe5 {[%emt 0:00:16]} 24. d4 {[%emt 0:00:19]} Qe7 {[%emt 0:00:17]} 25. dxe5 {[%emt 0:02:11]} Qxe5 {[%emt 0:00:05]} 26. Qd4 {[%emt 0:03:50]} Qh2 {[%emt 0:00:06]} 27. Bg2 $1 {[%emt 0:00:58]} Bxc2 {[%emt 0:00:32]} 28. Bf3 {[%emt 0:00:51]} Bg6 {[%emt 0:01:14]} 29. Kd2 $2 {[%emt 0:00:54]} (29. Rh1 $11 {and White has nothing to worry.} Qd6 30. Rg1) 29... Qd6 {[%emt 0:03:17]} 30. Bxh5 {[%emt 0:01:10]} Nxh5 {[%emt 0:00:07]} 31. Ng3 {[%emt 0:00:25]} c5 {[%emt 0:00:33]} 32. Qg4 {[%emt 0:00:53]} (32. Qb2 $17 {was worth a try.} Nxg3 33. Rxg3) 32... Qe5 {[%emt 0:01:47]} 33. Rac1 {[%emt 0:00:41]} d4 {[%emt 0:01:56]} 34. exd4 {[%emt 0:00:18]} Rd8 {[%emt 0:00:05]} 35. Rc4 {[%emt 0:00:48]} b5 {[%emt 0:00:15]} 36. Kc1 {[%emt 0:00:19]} Rxd4 {[%emt 0:04:02]} 37. Rxd4 {[%emt 0:00:12]} cxd4 {[%emt 0:00:02]} 38. Qc8+ {[%emt 0:00:36]} (38. Nxh5 $11 {remains equal.} d3 39. Kd2 (39. Qc8+ $2 {Black should try} Kh7 $19 40. Rxg6 Qe1+ 41. Kb2 Qxf2+ 42. Kb1 Qe1+ 43. Ka2 (43. Qc1 $2 d2 $19) 43... Qe2+ 44. Kb1 fxg6 45. Nf6+ gxf6 46. Qc7+ Kg8 47. Qd8+ Kg7 48. Qc7+ Kh6 49. Qf4+ Kg7 50. Qc7+ Kf8 51. Qd8+ Kg7 52. Qc7+) 39... Bxh5 40. Qc8+ Kh7 41. Qc3 Qf4+ 42. Kxd3 Qf3+ 43. Kd4 Qf6+ 44. Kd3 Bg6+ 45. Rxg6 Qf3+ 46. Kd2 Qxf2+ 47. Kd1 Qf1+ 48. Kd2 Qf2+ 49. Kd1 Qf1+ 50. Kd2 Qf2+) 38... Kh7 {[%emt 0:00:06]} 39. Nxh5 {[%emt 0:00:10]} Bxh5 {[%emt 0:00:46]} 40. Qc2+ {[%emt 0:00:45]} Bg6 {[%emt 0:00:47]} 41. Qd2 {[%emt 0:03:07]} d3 {[%emt 0:19:33]} 42. Kb1 {[%emt 0:01:43]} Qd5 {[%emt 0:04:06]} 43. Kb2 {[%emt 0:05:50]} a4 {[%emt 0:02:13]} 44. Qc3 {[%emt 0:00:58]} Qf3 {[%emt 0:03:26]} 45. Qd2 $17 {[%emt 0:01:56]} Qf6+ {[%emt 0:03:47]} 46. Ka2 {[%emt 0:02:22]} axb3+ {[%emt 0:00:39]} 47. Kxb3 {[%emt 0:00:43]} Bf5 {[%emt 0:02:01]} 48. Kb4 {[%emt 0:04:31]} Qd4+ {[%emt 0:03:16]} 49. Kxb5 {[%emt 0:01:22]} Bd7+ {[%emt 0:00:21]} 50. Ka6 {[%emt 0:01:41]} Qd6+ {[%emt 0:00:14]} 51. Ka5 {[%emt 0:01:56]} Qc5+ {[%emt 0:00:05]} 52. Ka6 {[%emt 0:00:10]} Bc8# {[%emt 0:00:12]} 0-1

[Event "22nd Hoogeveen Open 2018"]
[Site "Hoogeveen"]
[Date "2018.10.25"]
[Round "7"]
[White "Husers, Yannic"]
[Black "Hoffman, Ron"]
[Result "0-1"]
[WhiteElo "1866"]
[BlackElo "2060"]
[Annotator "NA"]
[PlyCount "52"]
[EventDate "2018.10.20"]
[EventType "swiss"]
[EventCountry "NED"]
[SourceTitle "playchess.com"]
[Source "ChessBase"]
[SourceQuality "1"]
[TimeControl "40/5400+30:1800+30"]

1. e4 {[%emt 0:00:00]} c5 {[%emt 0:00:00]} 2. Nf3 {[%emt 0:00:00]} g6 {[%emt 0:00:05]} 3. h4 {[%emt 0:00:10]} d5 {[%emt 0:00:30]} 4. exd5 {[%emt 0:00:30]} Qxd5 {[%emt 0:21:15]} 5. Nc3 {[%emt 0:01:38]} Qd8 {[%emt 0:02:13]} 6. Bc4 {[%emt 0:02:14]} Nf6 {[%emt 0:03:45]} 7. d3 {[%emt 0:00:40]} Bg7 {[%emt 0:00:45]} 8. Bf4 {[%emt 0:02:23]} O-O {[%emt 0:03:22]} 9. Qd2 {[%emt 0:05:50]} Nc6 {[%emt 0:04:26]} 10. O-O-O {[%emt 0:06:08]} Bg4 {[%emt 0:07:26]} 11. Rde1 {[%emt 0:11:16]} Bxf3 {[%emt 0:11:09]} 12. gxf3 {[%emt 0:01:50]} Nd4 {[%emt 0:00:33]} 13. Qe3 {[%emt 0:00:32]} b5 {[%emt 0:01:09]} 14. Nxb5 {[%emt 0:19:48]} Nxb5 {[%emt 0:02:53]} 15. Bxb5 {[%emt 0:01:38]} Nd5 {[%emt 0:00:44]} 16. Qxc5 {[%emt 0:00:31]} Nxf4 {[%emt 0:01:16]} 17. Rxe7 {[%emt 0:00:09]} Rc8 {[%emt 0:17:50]} 18. Qa3 {[%emt 0:03:49]} Rb8 {[%emt 0:08:09]} 19. Rd7 {[%emt 0:09:16]} Qc8 {[%emt 0:03:17]} 20. Qa4 {[%emt 0:03:14]} Bxb2+ {[%emt 0:01:08]} 21. Kd1 {[%emt 0:02:33]} Qc5 {[%emt 0:02:21]} 22. Qxf4 {[%emt 0:04:34]} Qxb5 {[%emt 0:00:15]} 23. Rxa7 {[%emt 0:01:33]} Bd4 {[%emt 0:01:47]} 24. Re7 {[%emt 0:00:55]} Qc5 {[%emt 0:02:24]} 25. Rc7 {[%emt 0:00:52]} Rb1+ {[%emt 0:00:28]} 26. Ke2 {[%emt 0:01:39]} Re8+ {[%emt 0:00:17]} 0-1

[Event "22nd Hoogeveen Open 2018"]
[Site "Hoogeveen"]
[Date "2018.10.25"]
[Round "7"]
[White "Brands, Kevin"]
[Black "De Vries, Emma"]
[Result "0-1"]
[WhiteElo "1862"]
[BlackElo "1905"]
[Annotator "NA"]
[PlyCount "124"]
[EventDate "2018.10.20"]
[EventType "swiss"]
[EventCountry "NED"]
[SourceTitle "playchess.com"]
[Source "ChessBase"]
[SourceQuality "1"]
[TimeControl "40/5400+30:1800+30"]

1. d4 {[%emt 0:05:44]} Nf6 {[%emt 0:02:40]} 2. c4 {[%emt 0:00:30]} g6 {[%emt 0:00:30]} 3. g3 {[%emt 0:00:30]} Bg7 {[%emt 0:00:30]} 4. Bg2 {[%emt 0:00:30]} d6 {[%emt 0:00:30]} 5. Nf3 {[%emt 0:00:30]} O-O {[%emt 0:00:30]} 6. O-O {[%emt 0:00:30]} Nc6 7. Nc3 {[%emt 0:00:30]} a6 {[%emt 0:01:00]} 8. Qc2 {[%emt 0:00:30]} Rb8 {[%emt 0:03:46]} 9. a3 {[%emt 0:08:23]} Na5 {[%emt 0:03:01]} 10. Nd5 {[%emt 0:03:42]} Nxd5 {[%emt 0:04:17]} 11. cxd5 {[%emt 0:00:08]} b5 {[%emt 0:01:32]} 12. Bd2 {[%emt 0:07:48]} Nc4 {[%emt 0:01:31]} 13. Rac1 {[%emt 0:00:16]} Bb7 {[%emt 0:04:23]} 14. b3 {[%emt 0:03:24]} Nxd2 {[%emt 0:11:23]} 15. Nxd2 {[%emt 0:00:16]} Bxd4 {[%emt 0:02:12]} 16. Qxc7 {[%emt 0:00:49]} Bb6 {[%emt 0:03:10]} 17. Qxd8 {[%emt 0:03:35]} Rfxd8 {[%emt 0:00:13]} 18. b4 {[%emt 0:01:30]} Rbc8 {[%emt 0:01:20]} 19. Nb3 {[%emt 0:05:39]} Rxc1 {[%emt 0:01:26]} 20. Rxc1 {[%emt 0:00:08]} Rc8 {[%emt 0:00:13]} 21. Rxc8+ {[%emt 0:01:58]} Bxc8 {[%emt 0:00:06]} 22. e4 {[%emt 0:01:54]} Bg4 {[%emt 0:02:56]} 23. Na5 {[%emt 0:02:35]} Bd4 {[%emt 0:05:43]} 24. Nc6 {[%emt 0:00:48]} Bb2 {[%emt 0:15:31]} 25. f3 {[%emt 0:01:53]} Bd7 {[%emt 0:00:26]} 26. Nxe7+ {[%emt 0:00:13]} Kf8 {[%emt 0:00:11]} 27. Nc6 {[%emt 0:00:05]} Bxc6 {[%emt 0:04:21]} 28. dxc6 {[%emt 0:00:41]} Ke7 {[%emt 0:01:24]} 29. a4 {[%emt 0:03:40]} Bd4+ {[%emt 0:01:30]} 30. Kh1 {[%emt 0:02:05]} bxa4 {[%emt 0:00:13]} 31. Bf1 {[%emt 0:00:14]} a3 {[%emt 0:00:27]} 32. Bc4 {[%emt 0:00:04]} f6 {[%emt 0:01:15]} 33. Kg2 {[%emt 0:00:34]} Kd8 {[%emt 0:00:59]} 34. f4 {[%emt 0:01:22]} Bc3 {[%emt 0:01:08]} 35. Kf3 {[%emt 0:02:46]} Kc7 {[%emt 0:03:44]} 36. Bd5 {[%emt 0:00:28]} Bxb4 {[%emt 0:00:26]} 37. g4 {[%emt 0:01:37]} g5 {[%emt 0:04:06]} 38. fxg5 {[%emt 0:05:14]} fxg5 {[%emt 0:00:04]} 39. Ke2 {[%emt 0:01:24]} a2 {[%emt 0:05:38]} 40. Bxa2 {[%emt 0:00:05]} Kxc6 {[%emt 0:00:03]} 41. Kd3 {[%emt 0:30:29]} Kc5 {[%emt 0:30:23]} 42. Bb3 {[%emt 0:01:01]} Ba3 {[%emt 0:01:07]} 43. Bf7 {[%emt 0:00:39]} Bb2 {[%emt 0:00:29]} 44. Kc2 {[%emt 0:01:37]} Be5 {[%emt 0:00:19]} 45. h3 {[%emt 0:00:50]} Kd4 {[%emt 0:00:52]} 46. Bd5 {[%emt 0:00:46]} Ke3 {[%emt 0:01:13]} 47. Bc6 {[%emt 0:19:05]} Kf4 {[%emt 0:01:17]} 48. Kd3 {[%emt 0:02:26]} Kg3 {[%emt 0:00:45]} 49. Ke2 {[%emt 0:00:22]} Kxh3 {[%emt 0:00:30]} 50. Kf3 {[%emt 0:00:03]} Kh2 {[%emt 0:01:18]} 51. Bd5 {[%emt 0:02:59]} a5 {[%emt 0:01:17]} 52. Be6 {[%emt 0:00:14]} a4 {[%emt 0:00:34]} 53. Bg8 {[%emt 0:01:13]} a3 {[%emt 0:00:27]} 54. Be6 {[%emt 0:02:39]} Kh3 {[%emt 0:00:19]} 55. Kf2 {[%emt 0:00:58]} Kh4 {[%emt 0:00:47]} 56. Kf3 {[%emt 0:00:22]} h5 {[%emt 0:00:19]} 57. gxh5 {[%emt 0:00:13]} g4+ {[%emt 0:00:10]} 58. Kg2 {[%emt 0:00:23]} Kxh5 {[%emt 0:00:22]} 59. Ba2 {[%emt 0:00:12]} Kg5 {[%emt 0:00:14]} 60. Bb3 {[%emt 0:00:08]} Kf4 {[%emt 0:00:16]} 61. Bd5 {[%emt 0:00:06]} Ke3 {[%emt 0:00:09]} 62. Kg1 {[%emt 0:00:05]} Kf3 {[%emt 0:00:16]} 0-1

[Event "22nd Hoogeveen Open 2018"]
[Site "Hoogeveen"]
[Date "2018.10.25"]
[Round "7"]
[White "Boghossian, Wahe"]
[Black "Kutchoukov, Daniel"]
[Result "1/2-1/2"]
[WhiteElo "1748"]
[BlackElo "1882"]
[Annotator "NA"]
[PlyCount "104"]
[EventDate "2018.10.20"]
[EventType "swiss"]
[EventCountry "NED"]
[SourceTitle "playchess.com"]
[Source "ChessBase"]
[SourceQuality "1"]
[TimeControl "40/5400+30:1800+30"]

1. e4 {[%emt 0:00:00]} c6 {[%emt 0:00:00]} 2. d4 {[%emt 0:00:02]} d5 {[%emt 0:00:04]} 3. e5 {[%emt 0:00:30]} Bf5 {[%emt 0:00:30]} 4. Nd2 {[%emt 0:00:30]} e6 {[%emt 0:00:30]} 5. Nb3 {[%emt 0:00:30]} Ne7 {[%emt 0:00:30]} 6. Nf3 {[%emt 0:00:30]} Nd7 {[%emt 0:00:30]} 7. Be2 {[%emt 0:07:42]} Nc8 {[%emt 0:02:40]} 8. O-O Be7 {[%emt 0:05:17]} 9. a4 {[%emt 0:04:35]} a5 {[%emt 0:00:00]} 10. Bd2 {[%emt 0:10:47]} b6 {[%emt 0:00:18]} 11. Ne1 {[%emt 0:21:39]} O-O {[%emt 0:28:58]} 12. Bg4 {[%emt 0:18:50]} Bxg4 {[%emt 0:34:49]} 13. Qxg4 {[%emt 0:00:06]} Re8 {[%emt 0:02:48]} 14. Bh6 {[%emt 0:02:20]} Bf8 {[%emt 0:02:23]} 15. Bg5 {[%emt 0:02:40]} Be7 {[%emt 0:02:27]} 16. Bh6 {[%emt 0:05:20]} g6 {[%emt 0:01:03]} 17. f4 {[%emt 0:01:26]} f5 {[%emt 0:00:44]} 18. Qf3 {[%emt 0:02:09]} Bf8 {[%emt 0:02:39]} 19. Bxf8 {[%emt 0:01:11]} Nxf8 {[%emt 0:00:57]} 20. Qc3 {[%emt 0:02:57]} Ne7 {[%emt 0:00:49]} 21. Nf3 {[%emt 0:00:29]} Qc7 {[%emt 0:00:44]} 22. Ng5 {[%emt 0:03:58]} Kg7 {[%emt 0:01:04]} 23. Rf3 {[%emt 0:00:43]} Ng8 {[%emt 0:00:55]} 24. Rh3 {[%emt 0:00:50]} Ra7 {[%emt 0:01:04]} 25. Qg3 {[%emt 0:01:01]} Qe7 {[%emt 0:01:09]} 26. c3 {[%emt 0:02:08]} Rc8 {[%emt 0:00:23]} 27. Re1 {[%emt 0:01:01]} Nh6 {[%emt 0:05:38]} 28. Qd3 {[%emt 0:05:16]} Nf7 {[%emt 0:00:55]} 29. Nxf7 {[%emt 0:00:52]} Qxf7 {[%emt 0:00:13]} 30. Nd2 {[%emt 0:00:42]} Qe7 {[%emt 0:01:45]} 31. Nf3 {[%emt 0:01:50]} Rb7 {[%emt 0:01:51]} 32. b3 {[%emt 0:02:08]} Rbc7 {[%emt 0:01:38]} 33. Rg3 {[%emt 0:00:47]} Rb8 {[%emt 0:00:21]} 34. h4 {[%emt 0:00:28]} h5 {[%emt 0:00:09]} 35. Ng5 {[%emt 0:00:34]} Nd7 {[%emt 0:00:20]} 36. Qf3 {[%emt 0:00:20]} Kh6 {[%emt 0:00:55]} 37. Qd3 {[%emt 0:00:48]} Rcb7 {[%emt 0:00:47]} 38. Qa6 {[%emt 0:00:32]} Nf8 {[%emt 0:00:56]} 39. Ra1 {[%emt 0:00:30]} Ra7 {[%emt 0:00:10]} 40. Qd3 {[%emt 0:00:11]} Rc7 {[%emt 0:00:24]} 41. Kh2 {[%emt 0:03:05]} c5 {[%emt 0:18:26]} 42. c4 {[%emt 0:03:03]} Rd8 {[%emt 0:06:58]} 43. dxc5 {[%emt 0:09:54]} dxc4 {[%emt 0:00:47]} 44. Qxc4 {[%emt 0:00:20]} Rxc5 {[%emt 0:02:26]} 45. Qa6 {[%emt 0:01:16]} Qc7 {[%emt 0:01:57]} 46. Rf1 {[%emt 0:00:33]} Rd2 {[%emt 0:01:33]} 47. Qa8 {[%emt 0:00:22]} Qc8 {[%emt 0:01:15]} 48. Qxc8 {[%emt 0:02:08]} Rxc8 {[%emt 0:00:02]} 49. Nf7+ {[%emt 0:00:47]} Kg7 {[%emt 0:00:01]} 50. Nd6 {[%emt 0:00:08]} Rc6 {[%emt 0:01:44]} 51. Nc4 {[%emt 0:00:18]} Rd4 {[%emt 0:00:30]} 52. Rff3 {[%emt 0:03:30]} Kf7 {[%emt 0:00:43]} 1/2-1/2

[Event "22nd Hoogeveen Open 2018"]
[Site "Hoogeveen"]
[Date "2018.10.25"]
[Round "7"]
[White "Boghossian, Wahe"]
[Black "Kutchoukov, Daniel"]
[Result "1-0"]
[WhiteElo "1748"]
[BlackElo "1882"]
[Annotator "NA"]
[PlyCount "77"]
[EventDate "2018.10.20"]
[EventType "swiss"]
[EventCountry "NED"]
[SourceTitle "playchess.com"]
[Source "ChessBase"]
[SourceQuality "1"]
[TimeControl "40/5400+30:1800+30"]

1. e4 {[%emt 0:00:00]} c5 {[%emt 0:00:00]} 2. Nf3 {[%emt 0:00:00]} d6 {[%emt 0:00:00]} 3. d4 {[%emt 0:00:00]} cxd4 {[%emt 0:00:00]} 4. Nxd4 {[%emt 0:00:00]} Nf6 {[%emt 0:00:00]} 5. Nc3 {[%emt 0:00:00]} a6 {[%emt 0:00:11]} 6. h3 {[%emt 0:00:02]} Nc6 {[%emt 0:00:59]} 7. Be3 {[%emt 0:00:56]} g6 {[%emt 0:06:03]} 8. Qd2 {[%emt 0:01:07]} Bg7 {[%emt 0:00:14]} 9. O-O-O {[%emt 0:02:21]} O-O {[%emt 0:00:36]} 10. f3 {[%emt 0:00:41]} Qc7 {[%emt 0:16:56]} 11. h4 {[%emt 0:00:48]} b5 {[%emt 0:10:22]} 12. h5 {[%emt 0:01:24]} Nxd4 {[%emt 0:20:37]} 13. Bxd4 {[%emt 0:00:30]} e5 {[%emt 0:05:23]} 14. Be3 {[%emt 0:00:38]} Nxh5 {[%emt 0:01:52]} 15. Nd5 {[%emt 0:01:19]} Qd8 {[%emt 0:01:26]} 16. Bh6 {[%emt 0:05:54]} Nf4 {[%emt 0:09:36]} 17. Bxg7 {[%emt 0:02:01]} Kxg7 {[%emt 0:01:22]} 18. g3 {[%emt 0:01:34]} Nh5 {[%emt 0:00:55]} 19. g4 {[%emt 0:13:57]} Nf4 {[%emt 0:01:34]} 20. Nxf4 {[%emt 0:02:07]} exf4 {[%emt 0:00:06]} 21. Qxf4 {[%emt 0:00:18]} Rh8 {[%emt 0:01:11]} 22. Rxd6 {[%emt 0:06:35]} Qe7 {[%emt 0:01:22]} 23. e5 {[%emt 0:06:40]} Be6 {[%emt 0:01:35]} 24. Qh6+ {[%emt 0:03:35]} Kg8 {[%emt 0:00:07]} 25. Be2 {[%emt 0:02:02]} Rc8 {[%emt 0:05:03]} 26. Rhd1 {[%emt 0:03:45]} Bxa2 {[%emt 0:03:25]} 27. R1d2 {[%emt 0:01:37]} b4 {[%emt 0:02:51]} 28. Rd7 {[%emt 0:03:16]} Qf8 {[%emt 0:01:14]} 29. Qg5 {[%emt 0:00:28]} f6 {[%emt 0:00:29]} 30. exf6 {[%emt 0:00:55]} Bf7 {[%emt 0:00:08]} 31. Qa5 {[%emt 0:08:18]} Re8 {[%emt 0:01:21]} 32. Rd8 {[%emt 0:00:41]} h5 {[%emt 0:00:22]} 33. Rxe8 {[%emt 0:04:03]} Bxe8 {[%emt 0:00:02]} 34. Bc4+ {[%emt 0:00:53]} Kh7 {[%emt 0:00:26]} 35. g5 {[%emt 0:00:29]} Rg8 {[%emt 0:02:15]} 36. Qc7+ {[%emt 0:01:00]} Kh8 {[%emt 0:00:16]} 37. Rd8 {[%emt 0:05:12]} b3 {[%emt 0:01:38]} 38. Bxg8 {[%emt 0:00:32]} Kxg8 {[%emt 0:00:22]} 39. Rxe8 {[%emt 0:00:17]} 1-0

[Event "22nd Hoogeveen Open 2018"]
[Site "Hoogeveen"]
[Date "2018.10.26"]
[Round "8"]
[White "Guseinov, Gadir"]
[Black "Warmerdam, Max"]
[Result "1/2-1/2"]
[WhiteElo "2667"]
[BlackElo "2417"]
[Annotator "TA"]
[PlyCount "91"]
[EventDate "2018.10.20"]
[EventType "swiss"]
[EventCountry "NED"]
[SourceTitle "playchess.com"]
[Source "ChessBase"]
[SourceQuality "1"]

{[%evp 23,91,-23,-26,-41,-43,-45,-22,-22,-22,-35,47,-39,0,-15,-6,-50,-48,-50,-39,-47,-39,-35,-35,-67,-67,-66,-66,-67,-54,-54,-54,-54,-54,-77,-51,-51,-51,-110,-68,-57,-58,-70,-40,-41,0,-48,0,-56,0,-26,0,-59,0,-98,0,-82,0,-56,0,-19,0,-48,0,-117,-56,-118,-97,-121,0,-72]} 1. e4 e5 2. Nf3 Nc6 3. Bb5 a6 4. Bxc6 dxc6 5. O-O Bg4 6. h3 h5 7. d3 Qf6 8. Nbd2 Ne7 9. Nc4 Bxf3 10. Qxf3 Qxf3 11. gxf3 Ng6 12. Rd1 {C68: Ruy Lopez: Exchange Variation, sidelines} c5 {LiveBook: 6 Games} (12... Bd6 13. Kf1 f6 14. a4 b6 15. c3 c5 16. d4 cxd4 17. Nxd6+ cxd6 18. cxd4 Kd7 19. Be3 Rhc8 20. dxe5 fxe5 21. Bxb6 {½-½ (42) Guseinov,G (2654)-Pulvett Marin,D (2458) Sitges 2018}) 13. a4 b6 {[%cal Bb7b6,Bb6b5][%mdl 32]} 14. Kf1 {Black is slightly better.} O-O-O $146 ({Predecessor:} 14... f6 15. Be3 Kf7 16. Ke2 Bd6 17. c3 Rad8 18. Rd2 Nf8 19. Nxd6+ cxd6 {1-0 (57) Kopinits,A (2187)-Schink,B (2052) Vienna 2010}) 15. Ke2 Be7 16. Rg1 Rhg8 (16... Bf6 $15) 17. Be3 (17. Rxg6 $1 $14 fxg6 18. Nxe5) 17... Bf6 18. a5 b5 19. Nd2 (19. Rxg6 $5 fxg6 20. Nd2 $15) 19... Nf4+ 20. Bxf4 exf4 21. c3 Rd7 22. Nb3 Be7 $1 23. d4 c4 $1 {[%cal Rc4b3]} 24. Nd2 c5 {[%cal Bc7c5,Bc5c4][%mdl 32]} 25. d5 g6 26. b3 cxb3 27. Nxb3 c4 28. Nc1 Bd6 29. Na2 f6 30. h4 (30. Nb4 $15) 30... Rdg7 31. Rh1 Kd7 32. Kd2 Ke7 33. Rh2 Kd7 34. Rb1 Rb8 35. Kc2 ({Better is} 35. Rg1 $11) 35... Rgg8 (35... Rh8 $1 $15) 36. Rg2 Rg7 37. Rd1 (37. Rh2 $11) 37... Rd8 (37... g5 $15) 38. Kd2 (38. Nb4 $11 {keeps the balance.}) 38... Ke7 (38... g5 $17) 39. Kc2 {[#]} (39. Nb4 $11 Bxb4 40. cxb4) 39... Kd7 (39... g5 $1 $17) 40. Rh2 (40. Kd2 $11) 40... Rgg8 (40... Rh8 $15) 41. Rb1 Rb8 42. Rg2 Rg7 43. Nc1 (43. Rh2 $11 {remains equal.}) 43... Be5 ({Black should play} 43... g5 $17 44. Ne2 Be5) 44. Ne2 ({White should try} 44. Na2 $15) 44... Kd6 45. Nc1 Kd7 (45... Rbg8 $17 {aiming for ...f5.} 46. Na2 g5) 46. Na2 {Precision: White = 35%, Black = 31%.} (46. Ne2 $11) 1/2-1/2

[Event "22nd Hoogeveen Open 2018"]
[Site "Hoogeveen"]
[Date "2018.10.26"]
[Round "8"]
[White "Romanov, Evgeny"]
[Black "Shyaamnikhil P"]
[Result "1/2-1/2"]
[WhiteElo "2614"]
[BlackElo "2429"]
[Annotator "TA"]
[PlyCount "83"]
[EventDate "2018.10.20"]
[EventType "swiss"]
[EventCountry "NED"]
[SourceTitle "playchess.com"]
[Source "ChessBase"]
[SourceQuality "1"]

{[%evp 11,83,0,0,1,24,22,19,24,70,62,71,62,71,50,45,50,48,41,44,48,52,51,48,43,47,42,42,42,42,42,54,42,43,42,42,42,42,42,53,54,54,42,53,56,63,56,89,70,60,54,71,41,68,65,112,62,188,73,80,16,15,0,37,0,0,0,0,0,0,0,0,0,0,0]} 1. d4 Nf6 2. Bg5 {[%cal Bc1g5,Bg5h4,Bh4g3][%mdl 32]} e6 3. Nf3 h6 4. Bh4 d6 5. Nbd2 g5 6. Bg3 {A46: 1 d4 Nf6 2 Nf3 e6: Torre, London and Colle Systems} Nh5 {LiveBook: 87 Games} 7. c3 (7. e4 Bg7 8. c3 Qe7 9. Ng1 Nxg3 10. hxg3 Nc6 11. Qh5 Bd7 12. O-O-O O-O-O 13. f4 {1-0 (65) Artemiev,V (2701)-Iturrizaga Bonelli,E (2624) Sharjah 2018}) 7... a6 8. e4 {White has an edge.} Nd7 9. Be2 $146 ({Predecessor:} 9. a4 b6 10. Nc4 Bb7 11. Bd3 Qe7 12. O-O Nxg3 13. hxg3 h5 14. Ne3 Bh6 {0-1 (38) Kovacevic,S (2367)-Hamdouchi,H (2541) Villarrobledo 2000}) 9... Nf4 10. Bxf4 gxf4 11. g3 c5 12. gxf4 Qf6 13. f5 exf5 14. Qc2 fxe4 15. Qxe4+ Qe6 16. O-O-O Qxe4 17. Nxe4 d5 18. Nxc5 Nxc5 19. dxc5 Bxc5 20. Rxd5 Bxf2 21. Re5+ Be6 $1 22. Rf1 Bb6 23. Bc4 Bc7 24. Re2 O-O-O 25. Bxe6+ fxe6 26. Nd4 Rde8 27. Rf6 $36 {[%mdl 2048] White is more active.} e5 28. Ne6 Re7 29. Re4 h5 30. Kc2 Rg8 31. b4 Bd6 32. Kb3 Rd7 33. h3 Rg2 {[#]} (33... Rh7 $14) 34. a4 (34. Rxe5 $1 $18 {[%mdl 512] and White stays clearly on top.} Rf7 (34... Bxe5 35. Rf8+) 35. Rxf7 Bxe5 36. Rf8+ Kd7 37. Nc5+ Kc7 38. Rf5) 34... b5 $16 35. axb5 (35. Rf5 $16) 35... axb5 $11 36. Rh6 Rf7 (36... Bf8 $5 {[%cal Rd7d2]} 37. Rh8 (37. Nxf8 Rdd2 $15) 37... Rdd2 38. Rxf8+ Kd7 39. Rd8+ Kxe6 40. Rxd2 (40. Re8+ {leads to mate.} Kd7 41. Re7+ Kd6 42. Rd7+ Kxd7 43. h4 Rb2+ 44. Ka3 Ra2+ 45. Kb3 Rgb2#) 40... Rxd2 $11) 37. Nc5 ({Don't go for} 37. Rxh5 $2 Rff2 $19) 37... Rf1 {The position is equal.} 38. Rxd6 Rb1+ 39. Ka3 {[#] Threatens to win with Nb3.} Ra1+ 40. Kb3 Rb1+ 41. Ka3 {aiming for Nb3.} Ra1+ 42. Kb3 {Precision: White = 53%, Black = 54%.} 1/2-1/2

[Event "22nd Hoogeveen Open 2018"]
[Site "Hoogeveen"]
[Date "2018.10.26"]
[Round "8"]
[White "Kuipers, Stefan"]
[Black "Karthikeyan, P.."]
[Result "0-1"]
[WhiteElo "2467"]
[BlackElo "2443"]
[Annotator "TA"]
[PlyCount "34"]
[EventDate "2018.10.20"]
[EventType "swiss"]
[EventCountry "NED"]
[SourceTitle "playchess.com"]
[Source "ChessBase"]
[SourceQuality "1"]

{[%evp 16,34,72,53,57,52,64,61,52,28,43,-24,-24,-73,-43,-162,-189,-320,-345,-324,-321]} 1. e4 g6 2. d4 Bg7 3. Nc3 d6 4. Be3 a6 5. Qd2 Nd7 6. h4 {B06: Modern Defence} h6 7. O-O-O b5 8. Kb1 Bb7 9. f3 {LiveBook: 11 Games} Nb6 (9... Ngf6 10. Nge2 b4 11. Na4 a5 12. Ng3 h5 13. b3 Bc6 {1-0 (60) Fedorchuk,S (2648)-Almasi,Z (2682) Riadh 2017}) 10. Bd3 e6 11. Nh3 Nf6 {[%cal Bg8f6,Bf6d7,Bd7c5][%mdl 32]} 12. g4 $146 ({Predecessor:} 12. Nf2 Nfd7 13. Ne2 c5 14. c3 {0-1 (41) Stoinev,M (2302)-Bratanov,Z (2398) Velingrad 2004}) 12... Nfd7 13. g5 (13. h5 $14) 13... h5 $1 $11 14. Qh2 c5 (14... b4 $5 15. Ne2 $8 e5 $11) 15. dxc5 ({Don't play} 15. Qxd6 e5 $17) (15. Bf1 $15) 15... dxc5 $19 16. Bxc5 (16. Rhe1 $142) 16... Nxc5 17. Bxb5+ Ncd7 0-1